000 00282nam a22001337a 4500
008 171123b xxu||||| |||| 00| 0 eng d
020 _a9781464133015
041 _aeng
080 _22ND
_a51
100 _a37
101 _aMAT
245 _aCALCULUS
_cROGAWSKI,J
942 _2udc
_cBK
999 _c38307
_d38307